000 00872nam a2200253Ia 4500
003 OSt
005 20220930091054.0
006 a|||||r|||| 00| 0
007 ta
008 220926b |||||||| |||| 00| 0 eng d
024 _a3450
037 _cTheses
040 _aCRL
_cCRL
_beng
041 _2eng
_aeng
100 _aBanga Shreshtha
_9544668
110 _aUniversity of Delhi. Faculty of Medical Science. Department of Paediatrics
_9520662
245 0 _aRandomized controlled trial to evaluate the role of repeated painful procedures in preterm neonates on short term nerubehavioural outcome
260 _c2011
650 _aMEDICINE
700 _a Dutta Vikram Gu.
_9544669
700 _aUniversity of Delhi. Faculty of Medical Science. Department of Paediatrics
_9520664
942 _cDIS
_2CC
999 _c881591
_d881591